000 00837nam a22002777i 4500
003 URS
005 20220117094633.0
008 180519b xxu||||| |||| 00| 0 eng d
020 _a9781446252871(pbk.)
040 _aDSWCD
_erda
_cURSR
_beng
041 _aeng
050 0 0 _aHV 11
_bSh261 2014
100 1 _aShaw, Ian,
_eauthor.
245 1 0 _aDoing qualitative research in social work /
_cIan Shaw and Sally Holland.
264 1 _aLos Angeles :
_bSAGE Pub.,
_cc2014.
300 _ax, 350 pages
_c24 cm
336 _atext
_2rdacontent
337 _aunmediated
_2rdamedia
338 _avolume
_2rdacarrier
504 _aIncludes bibliographical references (pages 313-350) and index.
650 1 7 _aSocial service
_xResearch
_xMethdology.
700 _aHolland, Sally,
_eauthor.
905 _aFO
942 _2lcc
_cFR
999 _c11550
_d11550